A happy new year for resi landlords? (Record no. 84808)
[ view plain ]
| 000 -LEADER | |
|---|---|
| fixed length control field | 01004cab a22002055a 4500 |
| 001 - CONTROL NUMBER | |
| control field | L159126 |
| 008 - FIXED-LENGTH DATA ELEMENTS--GENERAL INFORMATION | |
| fixed length control field | 160204e20160130xxk 000 0 eng d |
| 035 ## - SYSTEM CONTROL NUMBER | |
| System control number | (Sirsi) u159126 |
| 041 0# - LANGUAGE CODE | |
| Language code of text/sound track or separate title | eng |
| 100 1# - MAIN ENTRY--PERSONAL NAME | |
| Personal name | Young, Joanne |
| 245 02 - TITLE STATEMENT | |
| Title | A happy new year for resi landlords? |
| 260 ## - PUBLICATION, DISTRIBUTION, ETC. | |
| Date of publication, distribution, etc. | 2016 |
| 490 ## - SERIES STATEMENT | |
| Series statement | Estates Gazette |
| Volume/sequential designation | (1604) 30 January 2016, 103(1) |
| 520 ## - SUMMARY, ETC. | |
| Summary, etc. | Explains the 'Right to rent' and its effect on landlords. From 1 February 2016 all private landlords have to comply with the provisions of the Immigration Act 2014 and check their tenants have a right to rent. Argues that this process may be complex in some respects as some adult occupants can only prove a time-limited right to rent. Warns that landlords should be concerned about the new rules and other less obvious issues such as complying with the requirements of the Data Protection Act 1988. |
| 590 ## - LOCAL NOTE (RLIN) | |
| Local note | KA |
| 650 24 - SUBJECT ADDED ENTRY--TOPICAL TERM | |
| Topical term or geographic name entry element | RIGHT TO RENT |
| 651 #4 - SUBJECT ADDED ENTRY--GEOGRAPHIC NAME | |
| Geographic name | United Kingdom |
| 690 ## - LOCAL SUBJECT ADDED ENTRY--TOPICAL TERM (OCLC, RLIN) | |
| Topical term or geographic name as entry element | Landlord and tenant |
| 9 (RLIN) | 6252 |
| 942 ## - ADDED ENTRY ELEMENTS (KOHA) | |
| Suppress in OPAC | 0 |
| Withdrawn status | Lost status | Source of classification or shelving scheme | Damaged status | Not for loan | Home library | Current library | Shelving location | Date acquired | Total Checkouts | Full call number | Barcode | Date last seen | Copy number | Price effective from | Koha item type |
|---|---|---|---|---|---|---|---|---|---|---|---|---|---|---|---|
| Dewey Decimal Classification | London | London | Journal article | 04/02/2016 | L159126 | 159126-1001 | 06/08/2019 | 1 | 06/08/2019 | Journal article |